Library Science aur Asool e Tehqeeq (Record no. 7091)

000 -LEADER
fixed length control field 00443 a2200145 4500
040 ## - CATALOGING SOURCE
Original cataloging agency DLC
082 ## - DEWEY DECIMAL CLASSIFICATION NUMBER
Classification number 020
100 ## - MAIN ENTRY--PERSONAL NAME
Personal name Rizvi, S. Jamil Ahmad
245 ## - TITLE STATEMENT
Title Library Science aur Asool e Tehqeeq
Statement of responsibility, etc. S. Jamil Ahmad Rizvi
260 ## - PUBLICATION, DISTRIBUTION, ETC.
Place of publication, distribution, etc. Islamabad : ,
Name of publisher, distributor, etc. Muqtadara Qumi Zuban
Date of publication, distribution, etc. 1987.
300 ## - PHYSICAL DESCRIPTION
Extent 317 p. ;
Dimensions 24 cm.
500 ## - GENERAL NOTE
General note Includes bibliographical references and index
650 ## - SUBJECT ADDED ENTRY--TOPICAL TERM
Topical term or geographic name entry element Research method-library sciences.
942 ## - ADDED ENTRY ELEMENTS (KOHA)
Koha item type Book
Call number prefix 020 RIZ
Source of classification or shelving scheme
Holdings
Withdrawn status Lost status Damaged status Not for loan Collection code Permanent Location Current Location Shelving location Date acquired Source of acquisition Cost, normal purchase price Total Checkouts Full call number Barcode Date last seen Price effective from Koha item type
          Central Library (CL) Central Library (CL) First Floor - Journalism 08/23/2002 National Language Authority 50.00   020 RIZ SEECS002308 11/14/2012 01/05/2017 Book
© 2023 Central Library, National University of Sciences and Technology. All Rights Reserved.